Southville International School and Colleges
Your cart is empty.
  • Cart
  • Lists
    Public lists Eva Luna New books Lux_list list_1
    Your lists Log in to create your own lists
  • Log in to your account
  • Your cookies
  • Search history
Southville International School and Colleges
  • Advanced search
  • Recent comments
  • Most popular
  • Libraries

Log in to your account

Log in with GOOGLE


If you do not have an external account, but do have a local account, you can still log in:

  1. Home
  2. MARC view: Bedrooms and beyond: Youth, identity and privacy on social network sites
Normal view MARC view ISBD view

Bedrooms and beyond: Youth, identity and privacy on social network sites (Record no. 329856)

[ view plain ]
MARC details
000 -LEADER
fixed length control field 00491nam a2200181Ia 4500
008 - FIXED-LENGTH DATA ELEMENTS--GENERAL INFORMATION
fixed length control field 170510s9999 xx 000 0 und d
100 ## - MAIN ENTRY--PERSONAL NAME
Personal name Paul Hodkinson
245 ## - TITLE STATEMENT
Title Bedrooms and beyond: Youth, identity and privacy on social network sites
245 ## - TITLE STATEMENT
Statement of responsibility, etc Paul Hodkinson
260 ## - PUBLICATION, DISTRIBUTION, ETC. (IMPRINT)
Name of publisher, distributor, etc SAGE
260 ## - PUBLICATION, DISTRIBUTION, ETC. (IMPRINT)
Date of publication, distribution, etc 2017
300 ## - PHYSICAL DESCRIPTION
Extent pages 272-288,February
440 ## - SERIES STATEMENT/ADDED ENTRY--TITLE
Title New Media & Society
Volume number/sequential designation 19:2
650 ## - SUBJECT ADDED ENTRY--TOPICAL TERM
Topical term or geographic name as entry element Identity
650 ## - SUBJECT ADDED ENTRY--TOPICAL TERM
Topical term or geographic name as entry element Privacy
650 ## - SUBJECT ADDED ENTRY--TOPICAL TERM
Topical term or geographic name as entry element Social network site
650 ## - SUBJECT ADDED ENTRY--TOPICAL TERM
Topical term or geographic name as entry element Youth
Holdings
Withdrawn status Lost status Damaged status Home library Current library Date acquired Total Checkouts Date last seen Price effective from Koha item type
      College Library College Library 05/10/2017   05/10/2017 05/10/2017 Periodicals

Bedrooms and beyond: Youth, identity and privacy on social network sites

APA

Paul Hodkinson, .Bedrooms and beyond: Youth, identity and privacy on social network sites. : SAGE.

Chicago

Paul Hodkinson, .Bedrooms and beyond: Youth, identity and privacy on social network sites. : SAGE.

Harvard

Paul Hodkinson, .Bedrooms and beyond: Youth, identity and privacy on social network sites. : SAGE.

MLA

Paul Hodkinson, .: SAGE. .

  • Place hold
  • Print
  • Cite
  • Add to your cart (remove)
  • Save record
    BIBTEX Dublin Core MARCXML MARC (non-Unicode/MARC-8) MARC (Unicode/UTF-8) MARC (Unicode/UTF-8, Standard) MODS (XML) RIS
  • More searches
    Search for this title in:
    Other Libraries (WorldCat) Other Databases (Google Scholar) Online Stores (Bookfinder.com) Open Library (openlibrary.org)

Exporting to Dublin Core...

SOUTHVILLE LIBRARY

Southville International School and Colleges Library

1281 Tropical Ave. Cor. Luxembourg St., BF Homes International, Las Pinas City

Tel. No. 8256374 / 252358 Loc. 117/146

Powered by Koha